Presidencialismo y parlamentarismo en América Latina: un debate abierto /
Gardado en:
| Autor Principal: | |
|---|---|
| Formato: | Texto |
| Materias: | |
| Etiquetas: |
Engadir etiqueta
Sen Etiquetas, Sexa o primeiro en etiquetar este rexistro!
|
MARC
| LEADER | 00000 a a2200000 04500 | ||
|---|---|---|---|
| 001 | 16512 | ||
| 003 | |||
| 040 | |||
| 100 | |a Serrafero, Mario | ||
| 245 | |a Presidencialismo y parlamentarismo en América Latina: |b un debate abierto / |c Mario Serrafero | ||
| 650 | |a PRESIDENCIALISMO | ||
| 650 | |a SISTEMAS POLITICOS | ||
| 650 | |a MARCO INSTITUCIONAL | ||
| 650 | |a PARTIDOS POLITICOS | ||
| 773 | |g volumen 60, número 2; páginas 165-186 | ||
| 999 | |c 26084 |d 26084 | ||
